[Event "ICS rated blitz match"]
[Site "204.178.125.65"]
[Date "2000.07.29"]
[Round "?"]
[White "Hossa"]
[Black "QueenMaxima"]
[Result "1/2-1/2"]
[WhiteElo "2537"]
[BlackElo "2532"]
[PlyCount "312"]
[EventDate "2000.??.??"]

1. d4 e6 2. c4 Nf6 3. Nf3 b6 4. g3 Ba6 5. Nbd2 Bb7 6. Bg2 Be7 7. O-O O-O 8. Rb1
a5 9. Ra1 a4 10. Nb1 Nc6 11. a3 d5 12. cxd5 Nxd5 13. Qc2 f5 14. Nc3 Bf6 15.
Nxa4 Nxd4 16. Nxd4 Bxd4 17. Rd1 c5 18. Rb1 Qd6 19. b3 Qb8 20. e3 Be5 21. f4 Bf6
22. e4 fxe4 23. Qxe4 Qd6 24. Qc4 Qc6 25. Qc2 Bd4+ 26. Rxd4 cxd4 27. Qxc6 Bxc6
28. Nxb6 Nc3 29. Bxc6 Ra6 30. Rb2 Rxb6 31. Bg2 Rc8 32. Bd2 Kf7 33. b4 Kf6 34.
Bf3 Rc7 35. Be1 Ra7 36. Bf2 e5 37. fxe5+ Kxe5 38. Rd2 Nb5 39. Be2 Rxa3 40. Bxb5
Rxb5 41. Bxd4+ Ke4 42. Bc5 Rb7 43. Kf1 Rf7+ 44. Kg1 Ra1+ 45. Kg2 Raf1 46. Kh3
g5 47. Rd8 h6 48. Re8+ Kd5 49. Rh8 R7f6 50. Rd8+ Ke4 51. Rd4+ Kf3 52. Rd3+ Ke2
53. Rd8 Rd1 54. Re8+ Kd3 55. b5 Kc4 56. b6 Rd7 57. Be3 Rff7 58. Rh8 Rfe7 59.
Bf2 Re2 60. Bg1 Re1 61. Bf2 Re6 62. Rc8+ Kb5 63. Rc2 Re8 64. Kg2 Rf8 65. g4 Rf4
66. h3 Rdf7 67. Re2 Kc6 68. Rc2+ Kd5 69. Rb2 Rb7 70. Rc2 Re7 71. Rd2+ Kc4 72.
Rb2 Rff7 73. Kg1 Kd3 74. Rb3+ Kc2 75. Rb5 Rd7 76. Rc5+ Kb3 77. Rb5+ Kc3 78. Kg2
Rd2 79. Rf5 Rfd7 80. Rf6 Kb4 81. Re6 Rf7 82. Re4+ Kb3 83. Re3+ Kc4 84. Rf3 Rf4
85. Kg3 Kd5 86. Bg1 Rd1 87. Bf2 Rxf3+ 88. Kxf3 Rf1 89. Kg2 Rc1 90. Kf3 Ra1 91.
Be3 Rh1 92. Kg2 Rd1 93. Kf3 Rf1+ 94. Kg2 Rb1 95. Bf2 Rb3 96. Bg1 Ke5 97. Bc5
Ke4 98. Bf2 Rb1 99. Bc5 Rb5 100. Bf2 Rd5 101. Bg3 Rd2+ 102. Bf2 Rc2 103. Kg3
Rc3+ 104. Kg2 Ra3 105. Bc5 Ra2+ 106. Bf2 Rd2 107. Kg3 Rd3+ 108. Kg2 Rc3 109.
Bg3 Rc2+ 110. Bf2 Rc4 111. Be1 Ra4 112. Bf2 Ra2 113. Kg3 Ra3+ 114. Kg2 Rb3 115.
Bc5 Rb1 116. Bf2 Rd1 117. Bg3 Rd7 118. Bf2 Rb7 119. Bc5 Kd5 120. Bg1 Rf7 121.
Bh2 Rd7 122. Bg1 Rb7 123. h4 Re7 124. hxg5 hxg5 125. Kf3 Rf7+ 126. Ke2 Kc6 127.
Be3 Re7 128. Kd3 Re5 129. Bf2 Rb5 130. Be3 Ra5 131. Bg1 Ra4 132. Bd4 Rb4 133.
Kc3 Rb5 134. Kd3 Rb3+ 135. Ke4 Ra3 136. Kf5 Ra5+ 137. Kf6 Rd5 138. Be3 Rb5 139.
Bxg5 Rxb6 140. Be3 Rb7 141. g5 Rc7 142. g6 Rd7 143. Kg5 Re7 144. Bf2 Rg7 145.
Kf5 Rg8 146. g7 Re8 147. Ba7 Rg8 148. Be3 Re8 149. g8=B Rf8+ 150. Ke5 Rxg8 151.
Bd2 Rh8 152. Kf5 Rg8 153. Bb4 Rh8 154. Bd2 Rg8 155. Bb4 Rh8 156. Bd2 Rg8
1/2-1/2

[Event "ICS Rated standard match"]
[Site "204.178.125.65"]
[Date "2000.07.29"]
[Round "?"]
[White "Tinker"]
[Black "Hossa"]
[Result "1/2-1/2"]
[WhiteElo "2401"]
[BlackElo "2254"]
[PlyCount "201"]
[EventDate "2000.??.??"]

1. e4 c5 2. Nf3 g6 3. d4 cxd4 4. Qxd4 Nf6 5. e5 Nc6 6. Qa4 Nd5 7. Bd3 Bg7 8.
O-O d6 9. Be4 Nb6 10. Bxc6+ bxc6 11. Qxc6+ Bd7 12. Qe4 Bf5 13. Qe2 dxe5 14.
Nxe5 Qc7 15. Qb5+ Nd7 16. Qd5 O-O 17. Nxf7 e6 18. Qd6 Qb8 19. Qxb8 Raxb8 20.
Nh6+ Bxh6 21. Bxh6 Rfc8 22. b3 Bxc2 23. Na3 Nf6 24. Bf4 Ra8 25. Rfe1 Nd5 26.
Be5 Bd3 27. Rad1 Nb4 28. Bd6 a5 29. h3 Kf7 30. Be5 Rd8 31. Re3 Rd5 32. Rc1 Rad8
33. Rc7+ R8d7 34. Rxd7+ Rxd7 35. Nc4 Bxc4 36. bxc4 Nxa2 37. Rf3+ Ke7 38. Bf6+
Ke8 39. Ra3 Rd1+ 40. Kh2 Nb4 41. Rxa5 Nc6 42. Rc5 Kd7 43. f4 Kd6 44. Rb5 Rc1
45. Kg3 Rxc4 46. Rb7 e5 47. fxe5+ Nxe5 48. Rxh7 Ke6 49. Bxe5 Kxe5 50. Re7+ Kf6
51. Re8 g5 52. Kf3 Rc3+ 53. Re3 Rc6 54. Ra3 Rb6 55. g3 Kf5 56. Ra5+ Kg6 57. Ra3
Kf5 58. Re3 Rb1 59. g4+ Kf6 60. Ke4 Ra1 61. Kd4 Rd1+ 62. Kc4 Rc1+ 63. Kd5 Rd1+
64. Ke4 Ra1 65. Rf3+ Ke6 66. Kd4 Rd1+ 67. Ke3 Rd7 68. Ke4 Ra7 69. Re3 Ra4+ 70.
Kf3+ Kd5 71. Rd3+ Ke5 72. Rc3 Kd4 73. Rb3 Ra5 74. Kf2 Ra2+ 75. Kg3 Ra1 76. Kg2
Ra2+ 77. Kf3 Ra5 78. Rb4+ Kd5 79. Rb2 Ra3+ 80. Kg2 Ke5 81. Rb5+ Kf6 82. Rf5+
Kg6 83. Rb5 Kf6 84. Kh2 Ra2+ 85. Kg3 Ra3+ 86. Kg2 Ra2+ 87. Kh1 Ra1+ 88. Kh2
Ra2+ 89. Kg1 Ra1+ 90. Kf2 Ra2+ 91. Ke3 Ra3+ 92. Ke4 Rxh3 93. Rb6+ Kf7 94. Ra6
Rb3 95. Ra4 Kf6 96. Rc4 Rb6 97. Kd5 Rb5+ 98. Kd4 Rb6 99. Kd5 Rb5+ 100. Kd4 Rb6
101. Kd5 1/2-1/2

[Event "ICS rated blitz match"]
[Site "204.178.125.65"]
[Date "2000.07.29"]
[Round "?"]
[White "Tinker"]
[Black "Hossa"]
[Result "1/2-1/2"]
[WhiteElo "2554"]
[BlackElo "2537"]
[PlyCount "124"]
[EventDate "2000.??.??"]

1. e4 e5 2. Nc3 Nf6 3. Nf3 Nc6 4. d4 Bb4 5. Nxe5 Nxe4 6. Qf3 Nf6 7. Nxc6 dxc6
8. Qe3+ Be6 9. Bc4 Nd5 10. Qd3 O-O 11. O-O Re8 12. Bxd5 cxd5 13. Bf4 c6 14. Qg3
Bf5 15. Rac1 Qe7 16. a3 Bxc3 17. Qxc3 Qh4 18. Be5 f6 19. Bg3 Qh5 20. Qb4 b6 21.
Qa4 Bd7 22. Rce1 a5 23. Rxe8+ Qxe8 24. Qb3 Bf5 25. Qxb6 Bxc2 26. Rc1 Ba4 27. b3
Bb5 28. a4 Ra6 29. Qb7 Bd3 30. Bc7 f5 31. Be5 Qf7 32. Qc8+ Qf8 33. Rxc6 Qxc8
34. Rxc8+ Kf7 35. Rc7+ Ke8 36. Rc5 Rb6 37. Rxd5 Rxb3 38. h4 Rb6 39. Rxa5 Ra6
40. Rxa6 Bxa6 41. Bxg7 Bc4 42. Kh2 Bb3 43. a5 Kd7 44. Kg3 Kc6 45. Kf4 Kb5 46.
Kxf5 Kxa5 47. f4 Bd5 48. Kg5 Bxg2 49. f5 Be4 50. Be5 Kb5 51. f6 Bg6 52. Kh6 Kc6
53. h5 Be8 54. Kxh7 Bxh5 55. Kg7 Kd7 56. f7 Bf3 57. f8=Q Kc6 58. Qxf3+ Kb5 59.
Qb3+ Kc6 60. Qf3+ Kb5 61. Qb3+ Kc6 62. Qf3+ Kb5 1/2-1/2

[Event "ICS rated blitz match"]
[Site "204.178.125.65"]
[Date "2000.07.29"]
[Round "?"]
[White "Hossa"]
[Black "Tinker"]
[Result "0-1"]
[WhiteElo "2538"]
[BlackElo "2553"]
[PlyCount "146"]
[EventDate "2000.??.??"]

1. e4 d5 2. exd5 Qxd5 3. Nc3 Qe6+ 4. Be2 Nf6 5. Nf3 Qd6 6. d4 Nc6 7. d5 Nb4 8.
Nb5 Qd8 9. c4 Bd7 10. a3 Bxb5 11. axb4 Bd7 12. O-O e6 13. dxe6 fxe6 14. Ne5
Bxb4 15. Bh5+ g6 16. Bf3 c6 17. Bg5 Rf8 18. Bh6 Rg8 19. Qd4 Qe7 20. Rxa7 Rxa7
21. Qxa7 Qc5 22. Qxb7 Qxe5 23. Qxb4 Kf7 24. Qd2 Qf5 25. b4 g5 26. h4 gxh4 27.
Qe2 h3 28. g3 e5 29. Qe3 Rg6 30. Be2 h2+ 31. Kh1 Rxh6 32. Qxh6 Qe4+ 33. Kxh2
Qxe2 34. Kg1 Qxc4 35. Qd2 Qd5 36. Qxd5+ Nxd5 37. Re1 Kf6 38. Re4 Kf5 39. f3 Be6
40. Rc4 Ne7 41. Rh4 Kg6 42. Kg2 Bd5 43. Rg4+ Kf6 44. Rh4 Nf5 45. Rxh7 Nd4 46.
g4 Bxf3+ 47. Kg3 e4 48. Rh6+ Ke5 49. Rh5+ Kd6 50. Kf4 Ne2+ 51. Kg5 Nc1 52. Kh4
e3 53. Rh6+ Kd5 54. Rh5+ Kd4 55. Rc5 Nd3 56. Ra5 e2 57. Ra1 Bxg4 58. Kxg4 e1=Q
59. Rxe1 Nxe1 60. Kg5 Nd3 61. Kf6 Nxb4 62. Kf5 c5 63. Kf4 c4 64. Kf3 Na2 65.
Kf4 c3 66. Kf5 c2 67. Kf4 c1=Q+ 68. Kf5 Qh6 69. Kg4 Qf6 70. Kh3 Qg5 71. Kh2 Ke3
72. Kh3 Kf2 73. Kh2 Qh4# 0-1

[Event "ICS Rated blitz match"]
[Site "204.178.125.65"]
[Date "2000.07.30"]
[Round "?"]
[White "PostModernist"]
[Black "Hossa"]
[Result "1-0"]
[WhiteElo "2693"]
[BlackElo "2523"]
[PlyCount "125"]
[EventDate "2000.??.??"]

1. d4 Nf6 2. c4 g6 3. Nc3 Bg7 4. Nf3 d5 5. Bg5 Ne4 6. cxd5 Nxg5 7. Nxg5 e6 8.
Qd2 h6 9. Nh3 exd5 10. Nf4 O-O 11. g3 c6 12. e3 Re8 13. Be2 Nd7 14. O-O Nf6 15.
b4 g5 16. Ng2 Bh3 17. a4 Qd6 18. b5 Ne4 19. Nxe4 dxe4 20. bxc6 bxc6 21. Rac1
Rac8 22. f4 c5 23. fxg5 hxg5 24. Bc4 Re7 25. Qe2 cxd4 26. Qh5 Be6 27. Bxe6 Qxe6
28. Qxg5 Rxc1 29. Rxc1 d3 30. Nf4 d2 31. Qxg7+ Kxg7 32. Nxe6+ Rxe6 33. Rd1 Ra6
34. Rxd2 Rxa4 35. g4 Ra1+ 36. Kf2 a5 37. Rd4 a4 38. Rxe4 a3 39. Ra4 a2 40. Kg2
Kf6 41. Ra6+ Ke5 42. h4 Ke4 43. h5 f5 44. Ra4+ Kd3 45. gxf5 Rb1 46. Rxa2 Kxe3
47. f6 Rb5 48. Rf2 Rg5+ 49. Kf1 Rg8 50. f7 Rf8 51. h6 Rb8 52. f8=Q Rb1+ 53. Kg2
Rg1+ 54. Kxg1 Kd4 55. Qd6+ Kc3 56. Ra2 Kc4 57. Rb2 Kc3 58. Qe5+ Kc4 59. Rd2 Kb4
60. Qb2+ Kc4 61. Qc1+ Kb5 62. Rb2+ Ka5 63. Qa1# 1-0

[Event "ICS rated blitz match"]
[Site "204.178.125.65"]
[Date "2000.07.30"]
[Round "?"]
[White "Hossa"]
[Black "Colorado"]
[Result "1-0"]
[WhiteElo "2514"]
[BlackElo "2556"]
[PlyCount "107"]
[EventDate "2000.??.??"]

1. d4 Nf6 2. c4 e6 3. Nc3 Bb4 4. Qc2 c5 5. dxc5 O-O 6. e4 Qc7 7. Nf3 Bxc3+ 8.
bxc3 Na6 9. e5 Ng4 10. Bf4 f6 11. Bd3 h6 12. Nh4 fxe5 13. Bg3 Rd8 14. Ng6 Nxc5
15. Be2 Nf6 16. Bxe5 d6 17. Bxf6 gxf6 18. O-O Qg7 19. Nf4 Bd7 20. Bf3 Rac8 21.
Rfe1 Re8 22. Bh5 Red8 23. Re3 Kh8 24. Rg3 Ba4 25. Qb1 Rc7 26. Rxg7 Rxg7 27. Kf1
Kg8 28. Qe1 Be8 29. a4 Bf7 30. Bxf7+ Kxf7 31. g3 Rg5 32. Qb1 f5 33. f3 e5 34.
h4 Rxg3 35. Qxf5+ Kg8 36. Ne6 Re8 37. Kf2 Rxe6 38. Kxg3 Kg7 39. h5 Rf6 40. Qg4+
Kf7 41. Qc8 a6 42. Qc7+ Ke8 43. Rd1 Nxa4 44. Rxd6 Rxd6 45. Qxd6 Nxc3 46. Qxe5+
Kf7 47. Qxc3 b5 48. Qd3 Ke7 49. c5 b4 50. Qd6+ Kf7 51. c6 a5 52. c7 a4 53. c8=Q
b3 54. Qcf8# {Colorado checkmated} 1-0

[Event "ICS rated standard match"]
[Site "204.178.125.65"]
[Date "2000.07.30"]
[Round "?"]
[White "Hossa"]
[Black "Xtractor"]
[Result "1-0"]
[WhiteElo "2260"]
[BlackElo "2025"]
[PlyCount "46"]
[EventDate "2000.??.??"]

1. d4 Nf6 2. Bf4 d6 3. Nc3 e6 4. e4 Be7 5. Nf3 O-O 6. Be2 Nbd7 7. e5 Nh5 8. Bd2
dxe5 9. dxe5 g6 10. Bh6 Ng7 11. Qd2 Nb6 12. O-O-O c6 13. Qxd8 Rxd8 14. Rxd8+
Bxd8 15. g4 Bd7 16. Ne4 Ne8 17. c4 Bc7 18. h4 a5 19. a3 a4 20. Kc2 Ra5 21. h5
Bxe5 22. Bd2 f5 23. Bxa5 fxe4 {Xtractor resigns} 1-0

[Event "ICS rated standard match"]
[Site "204.178.125.65"]
[Date "2000.07.30"]
[Round "?"]
[White "Xtractor"]
[Black "Hossa"]
[Result "0-1"]
[WhiteElo "1986"]
[BlackElo "2261"]
[PlyCount "92"]
[EventDate "2000.??.??"]

1. e4 d5 2. exd5 Qxd5 3. Nc3 Qe6+ 4. Qe2 Nc6 5. Nf3 Qxe2+ 6. Bxe2 e5 7. O-O Bd7
8. d4 Nxd4 9. Nxd4 exd4 10. Nb5 Bxb5 11. Bxb5+ c6 12. Re1+ Be7 13. Bd3 Nf6 14.
Bf4 Kf8 15. Be5 Bb4 16. c3 dxc3 17. bxc3 Rd8 18. Rad1 Ba5 19. Bc4 b5 20. Rxd8+
Bxd8 21. Bd6+ Kg8 22. Bb3 g6 23. h3 Kg7 24. Be5 h5 25. a4 g5 26. axb5 cxb5 27.
Rd1 Re8 28. f4 gxf4 29. Bxf4 Bb6+ 30. Kf1 Be3 31. Bd6 Ne4 32. Bb4 Nd2+ 33. Rxd2
Bxd2 34. Kf2 Rc8 35. Ke2 Bxc3 36. Bd6 Re8+ 37. Kd3 Rd8 38. Kxc3 Rxd6 39. Kb4
Rd3 40. Ba2 Rd2 41. Bb3 Rxg2 42. Kxb5 Rg3 43. Bd5 Rxh3 44. Ka6 Ra3+ 45. Kb5 h4
46. Kb4 Rg3 {Xtractor resigns} 0-1

[Event "ICS Rated standard match"]
[Site "204.178.125.65"]
[Date "2000.07.30"]
[Round "?"]
[White "Hossa"]
[Black "Xtractor"]
[Result "0-1"]
[WhiteElo "2262"]
[BlackElo "1963"]
[PlyCount "142"]
[EventDate "2000.??.??"]

1. c4 Nf6 2. Nf3 e6 3. Nc3 Bb4 4. d4 d5 5. cxd5 exd5 6. Qa4+ Nc6 7. Ne5 Bd7 8.
Nxc6 Bxc3+ 9. bxc3 Bxc6 10. Qc2 Qd7 11. a4 O-O-O 12. e3 Qg4 13. f3 Qh4+ 14. g3
Qh5 15. Kf2 Rhe8 16. a5 Kb8 17. a6 b6 18. Ba3 g5 19. Qf5 Qh6 20. Bc1 Bd7 21.
Qd3 Qh5 22. c4 g4 23. f4 Bf5 24. Qb3 Be4 25. Kg1 Bxh1 26. Kxh1 Ne4 27. Kg1 Re6
28. cxd5 Rh6 29. Ra2 Qxd5 30. Bc4 Qc6 31. Rc2 f5 32. Ba3 Qd7 33. Qb2 c6 34. Bf1
Rg6 35. Qc1 Rc8 36. Bd3 Re8 37. Bxe4 Rxe4 38. Rc3 Qd5 39. Qc2 Re8 40. Bc1 Rf6
41. Qd3 Qe4 42. Qc4 c5 43. Rc2 Rd6 44. Bd2 Rd7 45. Qa4 Red8 46. Rc4 cxd4 47.
Qa1 Qd3 48. Qc1 dxe3 49. Bc3 Qxc4 50. Be5+ Ka8 51. Qxc4 Rd1+ 52. Qf1 e2 53. Qe1
Rxe1+ 54. Kf2 Rdd1 55. Bc3 Rh1 56. Kxe2 Rc1 57. Kd3 Rxc3+ 58. Kxc3 Rxh2 59. Kd4
Re2 60. Kd3 Re8 61. Kd4 h5 62. Kc3 h4 63. gxh4 g3 64. Kc4 g2 65. h5 g1=Q 66.
Kd3 Qd1+ 67. Kc3 Rc8+ 68. Kb2 Rc2+ 69. Ka3 Qa1+ 70. Kb3 Qb1+ 71. Ka4 Ra2# {
Hossa checkmated} 0-1

[Event "ICS rated standard match"]
[Site "204.178.125.65"]
[Date "2000.07.30"]
[Round "?"]
[White "Xtractor"]
[Black "Hossa"]
[Result "1-0"]
[WhiteElo "2131"]
[BlackElo "2256"]
[PlyCount "111"]
[EventDate "2000.??.??"]

1. Nf3 d5 2. d4 Nf6 3. e3 g6 4. c4 c6 5. Nc3 Bg7 6. Bd3 dxc4 7. Bxc4 O-O 8. O-O
Bg4 9. h3 Bf5 10. g4 Bc8 11. e4 b5 12. Bd3 Na6 13. a4 b4 14. Ne2 c5 15. Qc2 b3
16. Qxb3 cxd4 17. Re1 Nc5 18. Qc2 Nxd3 19. Qxd3 Nxg4 20. hxg4 Bxg4 21. Nh2 Qd7
22. Nf4 e5 23. Nd5 Be6 24. Qb5 Rad8 25. Bh6 Bxd5 26. Bxg7 Kxg7 27. exd5 Qf5 28.
Rad1 f6 29. Qc5 Rd7 30. b4 h5 31. d6 Rb8 32. a5 a6 33. Rc1 Rbd8 34. Qb6 Qg5+
35. Kh1 Qd2 36. Rg1 Qxf2 37. Qxa6 Qe3 38. Qf1 Qe4+ 39. Qf3 Qxf3+ 40. Nxf3 d3
41. Rc7 Rxc7 42. dxc7 Rc8 43. Rc1 e4 44. b5 exf3 45. b6 d2 46. Rd1 f2 47. Kg2
h4 48. Rxd2 h3+ 49. Kxf2 Kf7 50. b7 Rxc7 51. b8=Q Rc3 52. Rd7+ Ke6 53. Qe8+ Kf5
54. Rd5+ Kf4 55. Qa4+ Rc4 56. Qxc4# {Hossa checkmated} 1-0

[Event "ICS Rated standard match"]
[Site "204.178.125.65"]
[Date "2000.07.30"]
[Round "?"]
[White "Hossa"]
[Black "SimenAgdes"]
[Result "1-0"]
[WhiteElo "2249"]
[BlackElo "1946"]
[PlyCount "26"]
[EventDate "2000.??.??"]

1. Nf3 d5 2. d4 c6 3. Bf4 Bg4 4. Ne5 Bf5 5. e3 Nf6 6. f3 Nbd7 7. g4 Bg6 8. h4
h5 9. Nxg6 fxg6 10. g5 Ng8 11. Qd3 Kf7 12. Bh3 e5 13. dxe5 Ne7 1-0

[Event "ICS rated standard match"]
[Site "204.178.125.65"]
[Date "2000.07.30"]
[Round "?"]
[White "SimenAgdes"]
[Black "Hossa"]
[Result "0-1"]
[WhiteElo "1941"]
[BlackElo "2254"]
[PlyCount "82"]
[EventDate "2000.??.??"]

1. c4 e5 2. Nc3 Nf6 3. g3 d5 4. cxd5 Nxd5 5. Bg2 Nb6 6. Nf3 Nc6 7. O-O Be7 8.
d3 h5 9. h4 Bg4 10. Be3 Qd7 11. a3 Bh3 12. b4 Bxg2 13. Kxg2 f6 14. Ne4 Nd5 15.
Bc5 f5 16. Neg5 Bxg5 17. Nxg5 b6 18. Be3 f4 19. Bd2 O-O-O 20. b5 Nd4 21. a4
Rhf8 22. e3 fxe3 23. fxe3 Nf5 24. Rf3 Nf6 25. Bc3 e4 26. Rxf5 Qxf5 27. Bxf6
Rxd3 28. Qf1 Qxf6 29. Qxf6 gxf6 30. Nxe4 Rxe3 31. Nf2 Rg8 32. Nh1 Rg4 33. Kf2
Ree4 34. Kf3 Rxa4 35. Rxa4 Rxa4 36. Nf2 Rb4 37. Ne4 Rxb5 38. Kf4 a5 39. Nxf6 a4
40. g4 a3 41. g5 a2 {SimenAgdes resigns} 0-1

[Event "ICS rated standard match"]
[Site "204.178.125.65"]
[Date "2000.07.30"]
[Round "?"]
[White "Hossa"]
[Black "stevesand"]
[Result "1-0"]
[WhiteElo "2259"]
[BlackElo "2040"]
[PlyCount "59"]
[EventDate "2000.??.??"]

1. Nf3 Nf6 2. c4 g6 3. d4 Bg7 4. Nc3 d5 5. cxd5 Nxd5 6. e4 Nxc3 7. bxc3 O-O 8.
Be2 c5 9. Be3 Nc6 10. O-O cxd4 11. cxd4 Bg4 12. d5 Na5 13. Bd4 Bxd4 14. Qxd4 a6
15. e5 Bd7 16. Rac1 Rc8 17. Qh4 f6 18. e6 Bb5 19. Rxc8 Qxc8 20. Bxb5 axb5 21.
Qb4 Qc7 22. Qxb5 Rd8 23. Rb1 Qc2 24. d6 Rxd6 25. Qe8+ Kg7 26. Qxe7+ Kh6 27.
Qf8+ Kh5 28. Rb5+ f5 29. g4+ Kxg4 30. Qxd6 {stevesand resigns} 1-0

[Event "ICS rated standard match"]
[Site "204.178.125.65"]
[Date "2000.07.30"]
[Round "?"]
[White "Hossa"]
[Black "stevesand"]
[Result "1-0"]
[WhiteElo "2273"]
[BlackElo "2026"]
[PlyCount "81"]
[EventDate "2000.??.??"]

1. Nf3 Nf6 2. c4 g6 3. d4 c6 4. Nc3 d5 5. cxd5 cxd5 6. Bg5 Bg7 7. Qb3 e6 8. e3
O-O 9. Be2 Nc6 10. O-O b6 11. Rac1 Bb7 12. Ne5 h6 13. Bh4 g5 14. Bg3 Na5 15.
Qb4 Rc8 16. Nb5 Ba6 17. Rxc8 Qxc8 18. Nd6 Bxe2 19. Nxc8 Rxc8 20. Re1 Bf8 21.
Qd2 Ba6 22. f3 Nh5 23. Bf2 f6 24. Ng6 Bd6 25. g4 Ng7 26. h4 Nc4 27. Qe2 Bb7 28.
h5 Ne8 29. f4 Bb4 30. Rf1 Rc7 31. fxg5 hxg5 32. Bg3 Bd6 33. Be1 Kg7 34. Kg2 Rd7
35. a4 Bb8 36. b3 Ncd6 37. Bg3 Nc7 38. Bxd6 Rxd6 39. Rxf6 Kxf6 40. Qf2+ Kg7 41.
Qf8+ {stevesand resigns} 1-0

[Event "ICS rated blitz match"]
[Site "204.178.125.65"]
[Date "2000.07.30"]
[Round "?"]
[White "Hossa"]
[Black "TerraPi"]
[Result "0-1"]
[WhiteElo "2539"]
[BlackElo "2289"]
[PlyCount "110"]
[EventDate "2000.??.??"]

1. Nf3 Nc6 2. e4 d5 3. exd5 Qxd5 4. Nc3 Qa5 5. d4 Nf6 6. d5 Nb4 7. Bc4 Bf5 8.
Nd4 Nbxd5 9. Bd2 Nxc3 10. Bxc3 Qe5+ 11. Qe2 Qxe2+ 12. Bxe2 Be4 13. f3 Bg6 14.
Bb5+ Nd7 15. O-O-O O-O-O 16. Bxd7+ Rxd7 17. Ne2 Rd6 18. Bb4 Rxd1+ 19. Rxd1 e5
20. Bxf8 Rxf8 21. Nc3 Rd8 22. Nb5 Rxd1+ 23. Kxd1 a6 24. Nc3 Kd7 25. Kd2 c5 26.
Nd5 b5 27. b3 b4 28. Kd1 Kd6 29. Ne3 h5 30. Nc4+ Kd5 31. h3 h4 32. Kc1 e4 33.
Ne3+ Kd4 34. Kd2 exf3 35. gxf3 Bh7 36. Ke2 Kc3 37. Kd1 Kb2 38. Nc4+ Kb1 39. Ne3
g5 40. Kd2 Bg6 41. Kd1 Kxa2 42. Kc1 Bh7 43. Nc4 Bf5 44. Nd6 Bxh3 45. Nxf7 Bg2
46. Nxg5 h3 47. Ne4 h2 48. Kd2 h1=Q 49. Nf2 Qh6+ 50. Ke2 Qf4 51. Nd3 Qxf3+ 52.
Kd2 Bf1 53. Kc1 Qe3+ 54. Kd1 Kb1 55. Nxb4 Qe2# 0-1

[Event "ICS rated blitz match"]
[Site "204.178.125.65"]
[Date "2000.07.30"]
[Round "?"]
[White "Hossa"]
[Black "Tinker"]
[Result "0-1"]
[WhiteElo "2513"]
[BlackElo "2568"]
[PlyCount "188"]
[EventDate "2000.??.??"]

1. Nf3 d5 2. d4 Nf6 3. e3 e6 4. c4 c5 5. cxd5 exd5 6. dxc5 Bxc5 7. Be2 O-O 8.
O-O Nc6 9. Nc3 Bf5 10. b3 Qd6 11. Nb5 Qe7 12. Bb2 Be4 13. Rc1 Bb6 14. Ng5 Bf5
15. Ba3 Nb4 16. Nd4 Bg6 17. Nc2 a5 18. Qd2 Bc5 19. Nxb4 axb4 20. Rxc5 bxa3 21.
Qc3 Rad8 22. Rc7 Rd7 23. Rxd7 Nxd7 24. Qc7 Qxg5 25. Qxd7 Be4 26. g3 Qe5 27.
Qxb7 Qb2 28. Bb5 Qxa2 29. f3 Qxb3 30. fxe4 Qxe3+ 31. Rf2 a2 32. Qa6 Qc1+ 33.
Rf1 a1=Q 34. Qxa1 Qc5+ 35. Kh1 Qxb5 36. Rf4 Qd3 37. exd5 Qxd5+ 38. Kg1 Ra8 39.
Qc3 Qe6 40. Rf2 Ra7 41. Qb2 Qe1+ 42. Kg2 Qe8 43. Kf1 Qa8 44. Rd2 Qh1+ 45. Kf2
Qxh2+ 46. Kf3 Qh1+ 47. Rg2 Qh5+ 48. Kf2 Qf5+ 49. Kg1 Ra8 50. Rf2 Qg4 51. Kg2
Qe4+ 52. Kh2 Qg6 53. Qe5 Qh6+ 54. Kg2 Qc6+ 55. Kh3 Qh1+ 56. Rh2 Qf1+ 57. Rg2
Rd8 58. Qe7 Qh1+ 59. Rh2 Qf1+ 60. Rg2 Qf5+ 61. g4 Qd5 62. Kh4 f6 63. Qe2 Ra8
64. Rf2 g5+ 65. Kg3 Ra3+ 66. Kh2 Kf7 67. Rf5 Qd6+ 68. Kh1 Rh3+ 69. Kg1 Qd4+ 70.
Kg2 Rh4 71. Qa2+ Kg7 72. Qe2 Rxg4+ 73. Kh3 Re4 74. Qf2 Rh4+ 75. Kg2 Qg4+ 76.
Qg3 Qxf5 77. Qc7+ Kh6 78. Qg3 Rh3 79. Qxh3+ Qxh3+ 80. Kxh3 Kg6 81. Kg4 h5+ 82.
Kf3 Kf5 83. Ke3 g4 84. Kd3 g3 85. Ke3 Kg4 86. Ke4 h4 87. Kd5 h3 88. Kd6 g2 89.
Ke7 h2 90. Kf7 h1=Q 91. Ke7 g1=Q 92. Kf7 Qa7+ 93. Kg6 Qhh7+ 94. Kxf6 Qf5# {
Hossa checkmated} 0-1

[Event "ICS rated blitz match"]
[Site "204.178.125.65"]
[Date "2000.07.30"]
[Round "?"]
[White "Tinker"]
[Black "Hossa"]
[Result "0-1"]
[WhiteElo "2581"]
[BlackElo "2500"]
[PlyCount "120"]
[EventDate "2000.??.??"]

1. e4 d5 2. exd5 Qxd5 3. Nc3 Qe6+ 4. Nge2 Na6 5. d4 Nf6 6. Be3 Nb4 7. Nf4 Qf5
8. Nd3 Nbd5 9. Nxd5 Nxd5 10. Ne5 Nxe3 11. fxe3 f6 12. Nc4 e5 13. dxe5 fxe5 14.
Qd5 e4 15. O-O-O Be7 16. Na5 Rb8 17. Bb5+ c6 18. Qxf5 Bxf5 19. Bc4 Bc5 20. Rde1
Bb4 21. Ref1 g6 22. Nb3 b5 23. Be2 Be7 24. Nd4 Bg5 25. Nxc6 Bxe3+ 26. Kb1 Rb7
27. g4 Bd7 28. Ne5 Be6 29. Bd1 Bd5 30. Re1 Bd2 31. Re2 e3 32. Rf1 Ke7 33. Nf3
Bc4 34. Rff2 Bxe2 35. Rxe2 Rd8 36. Nxd2 Rxd2 37. Rxe3+ Kf6 38. Bf3 Rc7 39. c3
Rxh2 40. Re2 Rxe2 41. Bxe2 Re7 42. Bxb5 Kg5 43. c4 Kxg4 44. Ba6 h5 45. c5 h4
46. Bc4 h3 47. c6 h2 48. Bd5 Kg3 49. Kc2 Re2+ 50. Kd3 Re5 51. Bh1 Re1 52. c7
Rc1 53. Kd2 Rxc7 54. b4 Kf2 55. b5 g5 56. Kd3 g4 57. a3 g3 58. Ke4 Rc1 59. b6
Rxh1 60. b7 Rb1 {Tinker resigns} 0-1

[Event "ICS rated blitz match"]
[Site "204.178.125.65"]
[Date "2000.07.30"]
[Round "?"]
[White "Hossa"]
[Black "Tinker"]
[Result "1-0"]
[WhiteElo "2520"]
[BlackElo "2561"]
[PlyCount "109"]
[EventDate "2000.??.??"]

1. e4 d5 2. exd5 Qxd5 3. Nc3 Qe6+ 4. Nge2 Na6 5. d4 Nf6 6. d5 Qd6 7. Nf4 Bd7 8.
Bc4 O-O-O 9. Be3 Ng4 10. Nd3 Nxe3 11. fxe3 f5 12. O-O g6 13. a4 Qb6 14. Bxa6
Qxe3+ 15. Kh1 bxa6 16. Rf3 Qd4 17. Qe2 Qf6 18. Ne5 Bg7 19. Re3 Be8 20. Nd3 Bd7
21. Rxe7 Rhe8 22. Rxe8 Rxe8 23. Qd2 Qd6 24. Qf2 Qb6 25. Qh4 Bxc3 26. bxc3 h5
27. a5 Qb7 28. c4 Re2 29. Qf6 Re8 30. Nc5 Qb4 31. Qxa6+ Kd8 32. Nd3 Qc3 33. Rc1
h4 34. Qxa7 h3 35. Qa8+ Bc8 36. d6 cxd6 37. Qc6 hxg2+ 38. Kxg2 Qd4 39. Kf1 f4
40. Qb6+ Qxb6 41. axb6 Rh8 42. c5 Kd7 43. cxd6 Kxd6 44. Kg1 g5 45. c4 Re8 46.
c5+ Kc6 47. Kf2 Re4 48. Re1 Bf5 49. Rxe4 Bxe4 50. Ke2 f3+ 51. Ke3 Bxd3 52. Kxd3
Kb7 53. Ke3 g4 54. h3 f2 55. Kxf2 1-0